| 000 | 00812nam a22001217a 4500 | ||
|---|---|---|---|
| 040 | _cRUA | ||
| 082 | _aVEM SO 2014 B435 O.1 | ||
| 100 | _aSO CHANDET; សូ ច័ន្ទ | ||
| 245 | _aStudy on prevalence and efficiency of anti-parasites on gastro-intestinal tract of cattle in roleaphear district, kampong chhnang province, ការសិក្សាពីកម្រិតរាលដាល និងប្រសិទ្ធភាពឪសថចំពោះការទម្លាក់បរាសិតក្នុងក្រពះពោះវៀនគោនៅស្រុករលាប្អៀរ ខេត្តកំពង់ឆ្នាំង | ||
| 300 |
_ax,40p. _bill. _c29cm. |
||
| 856 | _uhttps://drive.google.com/file/d/1W1bOctmcMR8unW7tBYsoz2FBLVkTD-Dp/view?usp=sharing | ||
| 942 | _cVEM | ||
| 999 |
_c7181 _d7181 |
||